00783nam a2200229Ia 4500003000900000008004100009040001600050080001700066100002900083245015000112260003300262300001000295500002600305650002600331650001900357650002200376650001900398700002100417942000700438999001500445952009300460IN-BaIIA211028s9999 xx 000 0 eng d cIIA Library a530.1bKUM-1 aKompaneyets, A. S.94651 2aA course of theoretical physicsbvol. 1, funadamental LawscA. S. Kompaneyets; translated by V. Talmy  aMoscowbMIR Publishersc1978 a564p. aDonated by Mrs. Bappu aElectrodynamics92319 aNASA Thesaurus aQuantum Mechanics aQuantum Theory aTalmy, V.912997 cBK c7681d7681 00104070aBANbBANcGENd1983-07-26l0o530.1/ KUM-1p8495r2021-11-05w1983-07-26yBK